000 00373nam a22001337a 4500
020 _a007253994
082 _222
_a005.36921
100 _aHaag Stephen ...[et al ].
245 _aMIcrosoft (R) office XP /
260 _bMC Graw- Hill Higher Education,
_cc 2002.
300 _axxv, NA
_bNA
_c24 cm.
700 _aPerry James T ; Parker Rick and wells merrill,
942 _2ddc
_cIT
999 _c4191
_d4191